000 01306nam a22003497a 4500
003 CHAP
005 20250828090232.0
008 981204d1998 mx r 00110 spa d
010 _a76793
011 _a77765
035 _a87450
040 _cCHAP
090 _aTesis
100 1 0 _aTrejo Gutiérrez, Rufina Yaneth
_9114751
245 1 0 _aEstudio de factibilidad técnico.económica para la ampliación de la capacidad de un taller de quesos en San Miguel Caltepantla, Tecozautla, Hidalgo
_c/por Rufina Yaneth Trejo Gutiérrez
260 _aChapingo, Méx. :
_bEl autor,
_c1998.
300 _a88 h. ;
_banexos
502 _aTesis (Ing. Agroindustrial) -- UACH. Departamento de Ingeniería Agroindustrial
590 _aALEPH
_b10
_c20130110
_lUCH01
_h1426
590 _aBATCH-UPD
_b10
_c20130110
_lUCH01
_h0544
590 _aBATCH-UPD
_b10
_c20130410
_lUCH01
_h0225
590 _aBATCH-UPD
_b10
_c20130914
_lUCH01
_h1637
590 _aCONVERSION
_b10
_c20130109
_lUCH01
_h1342
650 1 4 _aIndustrias Agrícolas
_xHidalgo.
_957951
650 1 4 _aProyectos industriales.
_992531
650 1 4 _aQueso
_xProcesado.
_993233
901 _aBK
905 _aAlejandra Carrasco M.
942 _cFOLL
949 _bBC
_cTES
_d33724000710810
_eTS2
_fc.2
_h33222
_i87450
_si
949 _bBC
_cTES
_d874501
_eTS1
_h33221
_i87450
_sb
999 _c76793
_d76793